McGraw-Hill Dictionary of Engineering / (Record no. 5316)

MARC details
000 -LEADER
fixed length control field 01225nac a22002291u 4500
008 - FIXED-LENGTH DATA ELEMENTS--GENERAL INFORMATION
fixed length control field 091019t xxu||||| |||| 00| 0 eng d
010 ## - LIBRARY OF CONGRESS CONTROL NUMBER
LC control number 97008928
020 ## - INTERNATIONAL STANDARD BOOK NUMBER
International Standard Book Number 0070524351 (acid-free paper)
082 00 - DEWEY DECIMAL CLASSIFICATION NUMBER
Classification number 620.003
Item number DIC REF
245 00 - TITLE STATEMENT
Title McGraw-Hill Dictionary of Engineering /
Statement of responsibility, etc Sybil P. Parker, Editor in chief.
246 30 - VARYING FORM OF TITLE
Title proper/short title Dictionary of engineering
260 ## - PUBLICATION, DISTRIBUTION, ETC. (IMPRINT)
Place of publication, distribution, etc New York :
Name of publisher, distributor, etc McGraw-Hill,
Date of publication, distribution, etc c1997.
300 ## - PHYSICAL DESCRIPTION
Extent xiii, 582 p. ;
Dimensions 22 cm.
500 ## - GENERAL NOTE
General note "All text in this dictionary was published previously in the McGraw-Hill dictionary of scientific and technical terms, fifth edition, copyright c1994"--T.p. verso.
650 #0 - SUBJECT ADDED ENTRY--TOPICAL TERM
Topical term or geographic name as entry element Engineering
General subdivision Dictionaries.
9 (RLIN) 8978
700 1# - ADDED ENTRY--PERSONAL NAME
Personal name Parker, Sybil P.
9 (RLIN) 8979
856 42 - ELECTRONIC LOCATION AND ACCESS
Materials specified Publisher description
Uniform Resource Identifier <a href="http://www.loc.gov/catdir/description/mh022/97008928.html">http://www.loc.gov/catdir/description/mh022/97008928.html</a>
856 42 - ELECTRONIC LOCATION AND ACCESS
Materials specified Table of contents only
Uniform Resource Identifier <a href="http://www.loc.gov/catdir/toc/mh022/97008928.html">http://www.loc.gov/catdir/toc/mh022/97008928.html</a>
856 42 - ELECTRONIC LOCATION AND ACCESS
Materials specified Contributor biographical information
Uniform Resource Identifier <a href="http://www.loc.gov/catdir/enhancements/fy0602/97008928-b.html">http://www.loc.gov/catdir/enhancements/fy0602/97008928-b.html</a>
942 ## - ADDED ENTRY ELEMENTS (KOHA)
Item type Reference (NB)
Call number prefix 620.003 DIC REF
Source of classification or shelving scheme Dewey Decimal Classification
Holdings
Withdrawn status Item status Source of classification or shelving scheme Damaged status Not for loan Vendor Home library Current library Shelving location Date acquired Source of acquisition Total Checkouts Full call number Barcode Date last seen Koha item type
    Dewey Decimal Classification       Central Library Central Library Ground Floor 23/10/2007     620.003 DIC REF 000006688 15/07/2025 Reference (NB)